Szczegóły MARC21

Fundamental accounting principles /

003 -Nazwa inst., której nr kontr. jest w polu 001 [,]
    • @
    • Nazwa instytucji, której n kontrolny jest w polu 001
    • NUKAT
005 -DATA I CZAS OSTATNIEJ MODYFIKACJI [,]
    • @
    • pole kontrolne
    • 20241231104230.0
020 -Międzynarod. znormalizowany nr książki - ISBN [ , ]
    • a
    • Numer ISBN
    • 9780078110870 Find
    • q
    • Dopowiedzenie
    • combined edition : alk. paper
020 -Międzynarod. znormalizowany nr książki - ISBN [ , ]
    • a
    • Numer ISBN
    • 0078110874 Find
    • q
    • Dopowiedzenie
    • combined edition : alk. paper
020 -Międzynarod. znormalizowany nr książki - ISBN [ , ]
    • a
    • Numer ISBN
    • 9780077338251 Find
    • q
    • Dopowiedzenie
    • volume 1, chapters 1-12 : alk. paper
020 -Międzynarod. znormalizowany nr książki - ISBN [ , ]
    • a
    • Numer ISBN
    • 0077338251 Find
    • q
    • Dopowiedzenie
    • volume 1, chapters 1-12 : alk. paper
020 -Międzynarod. znormalizowany nr książki - ISBN [ , ]
    • a
    • Numer ISBN
    • 9780077338244 Find
    • q
    • Dopowiedzenie
    • volume 2, chapters 12-25
020 -Międzynarod. znormalizowany nr książki - ISBN [ , ]
    • a
    • Numer ISBN
    • 0077338243 Find
    • q
    • Dopowiedzenie
    • volume 2, chapters 12-25
020 -Międzynarod. znormalizowany nr książki - ISBN [ , ]
    • a
    • Numer ISBN
    • 9780077338268 Find
    • q
    • Dopowiedzenie
    • with working papers volume 1, chapters 1-12
020 -Międzynarod. znormalizowany nr książki - ISBN [ , ]
    • a
    • Numer ISBN
    • 007733826X Find
    • q
    • Dopowiedzenie
    • with working papers volume 1, chapters 1-12
020 -Międzynarod. znormalizowany nr książki - ISBN [ , ]
    • a
    • Numer ISBN
    • 9780077338275 Find
    • q
    • Dopowiedzenie
    • with working papers volume 2, chapters 12-25
020 -Międzynarod. znormalizowany nr książki - ISBN [ , ]
    • a
    • Numer ISBN
    • 0077338278 Find
    • q
    • Dopowiedzenie
    • (with working papers volume 2, chapters 12-25
020 -Międzynarod. znormalizowany nr książki - ISBN [ , ]
    • a
    • Numer ISBN
    • 9780077338237 Find
    • q
    • Dopowiedzenie
    • principles, chapters 1-17
020 -Międzynarod. znormalizowany nr książki - ISBN [ , ]
    • a
    • Numer ISBN
    • 0077338235 Find
    • q
    • Dopowiedzenie
    • principles, chapters 1-17
040 -Instytucja sporządzająca opis [ , ]
    • a
    • Instytucja, która sporządziła opis (NP)
    • SZCZ U/ML
    • c
    • Instytucja, która sporządziła rekord (NP)
    • SZCZ U/ML
    • d
    • Instytucja, która zmodyfikowała rekord (P)
    • SZCZ U/KP
    • d
    • Instytucja, która zmodyfikowała rekord (P)
    • SZCZ U/JS
942 -Rodzaj dokumentu [ , ]
    • c
    • Rodzaj dokumentu
    • Książka
100 -Hasło główne - nazwa osobowa [1, ]
    • a
    • Nazwa osobowa (NP)
    • Wild, John J.
    • 9
    • KHW
    • 81816
245 -Strefa tytułu i oznaczenia odpowiedzialności [1,0]
    • a
    • Tytuł
    • Fundamental accounting principles / Find
    • c
    • Pozostałe elementy strefy tytułu i oznaczenia odpowiedzialności (NP)
    • John J. Wild, Ken W. Shaw, Barbara Chiappetta.
250 -Strefa wydania [ , ]
    • a
    • Oznaczenie wydania (NP)
    • 20th ed.
260 -Strefa adresu wydawniczego [ , ]
    • a
    • Miejsce wydania (P)
    • New York :
    • b
    • Nazwa wydawcy (P)
    • McGraw-Hill/Irwin,
    • c
    • Data wydania (P)
    • cop. 2011.
300 -Strefa opisu fizycznego [ , ]
    • a
    • Określenie formy książki i/lub objętość (NP)
    • 1206 s. pag. varia :
    • b
    • Oznaczenie ilustracji (NP)
    • il. kolor. ;
    • c
    • Format (NP)
    • 28 cm.
336 -Typ zawartości [ , ]
    • a
    • Termin opisujący typ zawartości
    • Tekst
    • b
    • Kod określający zawartość
    • txt
    • 2
    • Źródło (terminu i kodu)
    • rdacontent
337 -Typ mediów [ , ]
    • a
    • Tryb odtwarzania
    • Bez urządzenia pośredniczącego
    • b
    • Kod typu mediów
    • n
    • 2
    • Źródło (terminu i kodu)
    • rdamedia
338 -Typ/rodzaj nośnika [ , ]
    • a
    • Hasło opisujące typ nośnika
    • Wolumin
    • b
    • Kod typu nośnika
    • nc
    • 2
    • Źródło (terminu i kodu)
    • rdacarrier
504 -Uwaga dot. bibliogr. załącznikowej [ , ]
    • a
    • Uwaga dot. bibliografii załącznikowej
    • Indeks.
080 -Uniwersalna Klasyfikacja Dziesiętna [ , ]
    • 2
    • Identyfikator wydania tablic
    • UDC-P058
    • 9
    • UKD
    • 5591
    • a
    • Symbol klasyfikacji
    • 657.41/.45
    • b
    • Dopowiedzenie
    • Rachunkowość finansowa.
    • 4
    • UKD2
    • 7644
    • x
    • Poddział wspólny
    • =111
    • c
    • Dopowiedzenie poddz. wspólnego
    • =Język angielski.
    • 4
    • UKD2
    • 7665
    • x
    • Poddział wspólny
    • (075.8)
    • c
    • Dopowiedzenie poddz. wspólnego
    • (Podręczniki dla szkół wyższych. Skrypty).
080 -Uniwersalna Klasyfikacja Dziesiętna [ , ]
    • 2
    • Identyfikator wydania tablic
    • UDC-P058
    • 9
    • UKD
    • 5592
    • a
    • Symbol klasyfikacji
    • 657.47
    • b
    • Dopowiedzenie
    • Koszty. Kalkulacja kosztów.
    • 4
    • UKD2
    • 7644
    • x
    • Poddział wspólny
    • =111
    • c
    • Dopowiedzenie poddz. wspólnego
    • =Język angielski.
    • 4
    • UKD2
    • 7665
    • x
    • Poddział wspólny
    • (075.8)
    • c
    • Dopowiedzenie poddz. wspólnego
    • (Podręczniki dla szkół wyższych. Skrypty).
080 -Uniwersalna Klasyfikacja Dziesiętna [ , ]
    • 2
    • Identyfikator wydania tablic
    • UDC-P058
    • 9
    • UKD
    • 5585
    • a
    • Symbol klasyfikacji
    • 657.3
    • b
    • Dopowiedzenie
    • Budżety. Preliminarze. Bilanse. Księgi rachunkowe.
    • 4
    • UKD2
    • 7644
    • x
    • Poddział wspólny
    • =111
    • c
    • Dopowiedzenie poddz. wspólnego
    • =Język angielski.
    • 4
    • UKD2
    • 7665
    • x
    • Poddział wspólny
    • (075.8)
    • c
    • Dopowiedzenie poddz. wspólnego
    • (Podręczniki dla szkół wyższych. Skrypty).
980 -Symbol UKD [ , ]
    • a
    • UKD
    • 657.41/.45:657.47:657.3](075.8)=111
700 -Hasło dodatkowe - nazwa osobowa [1, ]
    • a
    • Nazwa osobowa (NP)
    • Shaw, Ken W. Find
    • 9
    • KHW
    • 81818
700 -Hasło dodatkowe - nazwa osobowa [1, ]
    • a
    • Nazwa osobowa (NP)
    • Chiappetta, Barbara. Find
    • 9
    • KHW
    • 84073
710 -Hasło dodatkowe - nazwa ciała zbiorowego [2, ]
    • a
    • Nazwa ciała zbiorowego lub nazwa geograficzna jako pierwszy element (NP)
    • McGraw-Hill Companies.
    • 4
    • Kod relacji
    • pbl
    • 9
    • KHW
    • 50887
920 -ISBN [ , ]
    • a
    • ISBN
    • 978-0-07-811087-0 Find
    • q
    • Dopowiedzenie
    • combined edition : alk. paper
920 -ISBN [ , ]
    • a
    • ISBN
    • 0-07-811087-4 Find
    • q
    • Dopowiedzenie
    • combined edition : alk. paper
920 -ISBN [ , ]
    • a
    • ISBN
    • 978-0-07-733825-1 Find
    • q
    • Dopowiedzenie
    • volume 1, chapters 1-12 : alk. paper
920 -ISBN [ , ]
    • a
    • ISBN
    • 0-07-733825-1 Find
    • q
    • Dopowiedzenie
    • volume 1, chapters 1-12 : alk. paper
920 -ISBN [ , ]
    • a
    • ISBN
    • 978-0-07-733824-4 Find
    • q
    • Dopowiedzenie
    • volume 2, chapters 12-25
920 -ISBN [ , ]
    • a
    • ISBN
    • 0-07-733824-3 Find
    • q
    • Dopowiedzenie
    • volume 2, chapters 12-25
920 -ISBN [ , ]
    • a
    • ISBN
    • 978-0-07-733826-8 Find
    • q
    • Dopowiedzenie
    • with working papers volume 1, chapters 1-12
920 -ISBN [ , ]
    • a
    • ISBN
    • 0-07-733826-X Find
    • q
    • Dopowiedzenie
    • with working papers volume 1, chapters 1-12
920 -ISBN [ , ]
    • a
    • ISBN
    • 978-0-07-733827-5 Find
    • q
    • Dopowiedzenie
    • with working papers volume 2, chapters 12-25
920 -ISBN [ , ]
    • a
    • ISBN
    • 0-07-733827-8 Find
    • q
    • Dopowiedzenie
    • (with working papers volume 2, chapters 12-25
920 -ISBN [ , ]
    • a
    • ISBN
    • 978-0-07-733823-7 Find
    • q
    • Dopowiedzenie
    • principles, chapters 1-17
920 -ISBN [ , ]
    • a
    • ISBN
    • 0-07-733823-5 Find
    • q
    • Dopowiedzenie
    • principles, chapters 1-17
Lokalizacja Data inwentaryzacji Sygnatura Numer inwentarzowy Status udost.
T2014-05-23T.17039T.17039-2